| Поле | Инд. | ПП | Название | Значение |
|---|---|---|---|---|
| Тип записи | a | |||
| Библиографический уровень | b | |||
| 001 | Контрольный номер | DU/588685268 | ||
| 005 | Дата корректировки | 20200526074528.0 | ||
| 008 | Кодируемые данные | 20180827 | ||
| 040 | b | Код языка каталог. | rus | |
| e | Правила каталог. | PSBO | ||
| 041 | 0_ | a | Код языка текста | rus |
| 084 | a | Индекс другой классификации/Индекс ББК | 60.51 | |
| 100 | 1_ | a | Автор | Добреньков В. И. |
| q | Полное имя | Добреньков Владимир Иванович | ||
| 245 | 10 | a | Заглавие | О возможности и необходимости национальной русской социологии |
| 504 | a | Библиография | Библиогр.: с. 30 - 32 | |
| 520 | 0_ | a | Аннотация | Полемизируя с В.А. Ядовым, автор данной статьи настаивает на необходимости и неизбежности развития в России собственной национальной социологии. Аргументируя свою позицию, В.И. Добреньков не только обращвется к трудам известных российских социологов, чьи идеи обогатили и российскую и мировую социологию (П.А.Сорокин, С.Н. Булгаков, Б.Н. Книпович и др.), но и к идеям современных социологов Китая, Японии и других стран, которые понимают необходимость и неизбежность развития собственной национальной социологии |
| 600 | 34 | a | Персоналии | Вебер Макс |
| a | Персоналии | Сорокин Питирим Александрович | ||
| 650 | 14 | a | Основная рубрика | история социологии |
| a | Основная рубрика | социология | ||
| 653 | 1_ | a | Ключевые слова | XX век |
| a | Ключевые слова | Германия | ||
| a | Ключевые слова | Европа | ||
| a | Ключевые слова | Китай | ||
| a | Ключевые слова | развитие социологии | ||
| a | Ключевые слова | Россия | ||
| a | Ключевые слова | социальная философия | ||
| a | Ключевые слова | Япония | ||
| 773 | 08 | t | Заглавие источника | Вестник Московского университета. Серия 18, Социология и политология |
| d | Дата издания источника | 2012 | ||
| g | Прочая информация | № 1. - С. 3 - 32 | ||
| w | Контрольный № источника | RU/IS/BASE/392489925 | ||
| 901 | t | Тип документа | b |